000 00317nam a22001457a 4500
008 230720b ||||| |||| 00| 0 eng d
020 _a9780807061428
041 _aeng
080 _a159.9
082 _a159.9ELL
100 _a25
101 _aPSI
245 _aWHITE COAT BLACK HAT
_cELLIOTT .C
942 _2udc
_cBK
999 _c60185
_d60185